000 00742nam a2200205Ia 4500
003 GCL
008 140319s9999 xx 000 0 ara d
040 _aGCL /
_cGCL
082 0 4 _aق
_b323.162
_bم ا
100 1 _aمحمود محمد سليمان
245 1 0 _aالاجانب فى مصر : دراسة فى تاريخ مصر الاجتماعى /
_cمحمود محمد سليمان
250 _aالاولى
260 _aالقاهرة :
_bعين للدراسات والبحوث الانسانية والاجتماعية ،
_c1996
300 _a367 ص ؛
_c24سم
650 0 4 _aالاقليات
650 0 4 _aالاجانب
650 0 4 _aالاجانب - مصر
650 0 4 _aمصر - السكان الاجانب
942 _2ddc
_cBK
999 _c48022
_d48022